000 00309 a2200157 4500
001 177422
020 _a
040 _cMagnum
100 _aDisney, Walt
240 1 0 _aVida de inseto
_lpor
245 1 0 _aVida de inseto
362 0 _a1899
440 1 _aAbril
697 _aMAGNITO: INFANTIL
942 _cBK
999 _c177422
_d177422